<?xml version="1.0" encoding="UTF-8"?><?xml-stylesheet type="text/xsl" href="static/style.xsl"?><OAI-PMH xmlns="http://www.openarchives.org/OAI/2.0/" xmlns:xsi="http://www.w3.org/2001/XMLSchema-instance" xsi:schemaLocation="http://www.openarchives.org/OAI/2.0/ http://www.openarchives.org/OAI/2.0/OAI-PMH.xsd"><responseDate>2026-04-13T13:20:24Z</responseDate><request verb="GetRecord" identifier="oai:www.recercat.cat:2099.1/16446" metadataPrefix="marc">https://recercat.cat/oai/request</request><GetRecord><record><header><identifier>oai:recercat.cat:2099.1/16446</identifier><datestamp>2025-07-17T15:43:02Z</datestamp><setSpec>com_2072_1033</setSpec><setSpec>col_2072_452951</setSpec></header><metadata><record xmlns="http://www.loc.gov/MARC21/slim" xmlns:dcterms="http://purl.org/dc/terms/" xmlns:xsi="http://www.w3.org/2001/XMLSchema-instance" xmlns:doc="http://www.lyncode.com/xoai" xsi:schemaLocation="http://www.loc.gov/MARC21/slim http://www.loc.gov/standards/marcxml/schema/MARC21slim.xsd">
   <leader>00925njm 22002777a 4500</leader>
   <datafield ind2=" " ind1=" " tag="042">
      <subfield code="a">dc</subfield>
   </datafield>
   <datafield ind2=" " ind1=" " tag="720">
      <subfield code="a">Martí Farriol, Jaume</subfield>
      <subfield code="e">author</subfield>
   </datafield>
   <datafield ind2=" " ind1=" " tag="260">
      <subfield code="c">2012-09</subfield>
   </datafield>
   <datafield ind2=" " ind1=" " tag="520">
      <subfield code="a">The presence of noise in the oceans has been growing in the recent years&#xd;
due to the increasing levels of human activity on the seas. Those activities&#xd;
include the off shore industry, petrol industry and transport industries. This&#xd;
noise contamination damages the marine ecosystem. In order to plan human&#xd;
activities on the seas in such a way that they produce the minimum alteration&#xd;
to the marine ecosystem it is very beneficial to be able to understand the&#xd;
relation between anthropogenic and natural process. One the practical side,&#xd;
this thesis could be the starting point for future technologies that could help&#xd;
plan human activities in such a way that mitigate the most the impact they&#xd;
produce on the ocean environment. A part from protection of the ocean&#xd;
fauna from hearing loss and damage to their sonars this project could also&#xd;
help researchers to monitor marine fauna. (...) The aim of&#xd;
this thesis is the classifi cation in real time of underwater frequency modulated&#xd;
acoustic signals into predefi ned groups. The signals are constrained&#xd;
into those being frequency modulated because the automatic classi cation&#xd;
of impulsive sounds has already been subject of considerable study. Apart&#xd;
from classi cation, clustering of tonal sounds is also a topic of this thesis.&#xd;
The kind of acoustic emissions that can be found on the underwater environment&#xd;
in the seas and oceans of the planet come from 3 broad categories,&#xd;
those categories are biological sources, i.e. dolphins, baleens, etc; anthropogenic&#xd;
sources, i.e. ship motors, ship sonars, etc; and natural phenomena&#xd;
like earthquakes and rain. Of those categories, those that produce frequency&#xd;
modulated tonal sounds are marine mammals and some ship sonars. The underwater signals studied in this thesis are obtained from deep sea&#xd;
platforms and o ffshore moored stations, and are transmitted wirelessly or&#xd;
though a cord to coastal computer centers, where the signals are analyzed.</subfield>
   </datafield>
   <datafield ind2=" " ind1=" " tag="520">
      <subfield code="a">This thesis deals with the problem of classification and clustering of tonal&#xd;
sounds. Tonal sounds are a class of sounds that are localized in frequency&#xd;
and extend over a time with frequency modulation. To achieve those goals,&#xd;
the problem of tonal extraction is also studied.</subfield>
   </datafield>
   <datafield tag="653" ind2=" " ind1=" ">
      <subfield code="a">Àrees temàtiques de la UPC::Informàtica::Intel·ligència artificial::Representació del coneixement</subfield>
   </datafield>
   <datafield tag="653" ind2=" " ind1=" ">
      <subfield code="a">Àrees temàtiques de la UPC::Matemàtiques i estadística::Estadística matemàtica</subfield>
   </datafield>
   <datafield tag="653" ind2=" " ind1=" ">
      <subfield code="a">Àrees temàtiques de la UPC::Enginyeria de la telecomunicació::Processament del senyal::Processament de la parla i del senyal acústic</subfield>
   </datafield>
   <datafield tag="653" ind2=" " ind1=" ">
      <subfield code="a">Underwater acoustics</subfield>
   </datafield>
   <datafield tag="653" ind2=" " ind1=" ">
      <subfield code="a">Data--Classification</subfield>
   </datafield>
   <datafield tag="653" ind2=" " ind1=" ">
      <subfield code="a">Cluster analysis</subfield>
   </datafield>
   <datafield tag="653" ind2=" " ind1=" ">
      <subfield code="a">Acústica submarina</subfield>
   </datafield>
   <datafield tag="653" ind2=" " ind1=" ">
      <subfield code="a">Dades--Classificació</subfield>
   </datafield>
   <datafield tag="653" ind2=" " ind1=" ">
      <subfield code="a">Anàlisi de conglomerats</subfield>
   </datafield>
   <datafield ind2="0" ind1="0" tag="245">
      <subfield code="a">Underwater signals classification and clustering</subfield>
   </datafield>
</record></metadata></record></GetRecord></OAI-PMH>